Handbook of statistical distributions
Salvato in:
| Autori principali: | , , |
|---|---|
| Natura: | Libro |
| Lingua: | inglese |
| Pubblicazione: |
Nueva York
Marcel Dekker
1976
|
| Serie: | Statistics: Textbooks and Monographs, 20
|
| Soggetti: | |
| Tags: |
Aggiungi Tag
Nessun Tag, puoi essere il primo ad aggiungerne!!
|
MARC
| LEADER | 00000nam a2200000 a 4500 | ||
|---|---|---|---|
| 001 | UCP2657 | ||
| 003 | CL-VaPUC | ||
| 008 | 990520e19760000US |||||||||||||||||eng|d | ||
| 082 | 0 | 4 | |a 519.532 |b PAT |2 21 |
| 100 | |a Patel, Jagdish K. |e author |9 429566 | ||
| 700 | 0 | |a Kapadia, C. H |e author |9 429567 | |
| 700 | |a Owen, D. B. |q (Donald Bruce) |e author |9 429617 | ||
| 245 | 1 | 0 | |a Handbook of statistical distributions |
| 300 | |a 302 p | ||
| 942 | |c BK | ||
| 945 | |d 19990520 00:00:00 |a crobeson | ||
| 260 | |a Nueva York |b Marcel Dekker |c 1976 | ||
| 650 | 7 | |a DISTRIBUCIONES ESTADISTICAS |2 CL-VaPUC |9 339648 | |
| 650 | 7 | |a INTERVALOS DE CONFIANZA |2 CL-VaPUC |9 424892 | |
| 650 | 0 | |a Teoría de probabilidades |9 336944 | |
| 650 | 0 | |a Inferencia estadística |9 312855 | |
| 583 | |a last modification |c 19990520 00:00:00 |k Rodrigo Vera | ||
| 490 | 0 | |a Statistics: Textbooks and Monographs, 20 | |
| 999 | |c 281164 |d 281162 | ||
| 952 | |0 0 |1 0 |4 0 |6 519_532000000000000_PAT_1976 |7 0 |8 A |9 321835 |a BIBGIM |b BIBGIM |d 2019-11-20 |i 134563K |o 519.532 PAT 1976 |p 134563K |r 2025-01-15 |w 2019-11-20 |y BK |k EST | ||